| 000 | 00985nam a2200241 4500 | ||
|---|---|---|---|
| 001 | 144157 | ||
| 003 | ES-MaACL | ||
| 005 | 20250730084013.0 | ||
| 007 | t| | ||
| 008 | 070214s1982 sp r ||||1| spa d | ||
| 111 | 0 | 0 |
_aSimposium de Higiene Industrial ( _cMadrid ( _d1981 ( _n. 4º) _91092 |
| 245 | 1 | 0 |
_aTrabajos presentados al IV Simposium de Higiene Industrial / _c[organizado por el Departamento de Prevención de] MAPFRE. |
| 260 |
_aMadrid : _bMapfre, _c1982 ( _eSalamanca : _fOrtega) |
||
| 300 |
_aIX, 440 p. : _bil. ; _c21 cm. |
||
| 500 | _aContiene: Formación del higienista industrial ; Riesgos higienicos y nuevas tecnologías ; Higiene analítica ; Control biológico. | ||
| 710 | 2 |
_aFundación MAPFRE _94362 |
|
| 740 | 0 | _aFormación del higienista industrial. | |
| 740 | 0 | _aRiesgos higienicos y nuevas tecnologías. | |
| 740 | 0 | _aHigiene analítica. | |
| 740 | 0 | _aControl biológico. | |
| 852 |
_aES-MaACL _jL-3715 _bR.103792 |
||
| 999 |
_c144157 _d144157 |
||